Loading...
| Current Events | 0 | 3 | 0 | 0 | 30 | 87 | 99.67 | 0 | 0 |
| Social Science | 0 | 3 | 1 | 0 | 25 | 91 | 102.33 | 0 | 2 |
| Science - Other Science | 0 | 3 | 1 | 1 | 25 | 89 | 112.67 | 0 | 0 |
| History - American History | 0 | 2 | 0 | 0 | 20 | 86 | 113.50 | 0 | 1 |
| Philosophy | 0 | 2 | 0 | 1 | 20 | 144 | 146.00 | 0 | 0 |
| Literature - American Literature | 0 | 2 | 1 | 1 | 15 | 147 | 154.00 | 0 | 0 |
| Mythology | 0 | 1 | 0 | 1 | 10 | 147 | 147.00 | 0 | 0 |
| History - European History | 0 | 1 | 0 | 0 | 10 | 151 | 151.00 | 0 | 0 |
| Literature - European Literature | 0 | 1 | 0 | 0 | 10 | 125 | 125.00 | 0 | 0 |
| Science - Physics | 0 | 1 | 0 | 1 | 10 | 153 | 153.00 | 0 | 0 |
| Religion | 0 | 1 | 0 | 1 | 10 | 134 | 134.00 | 0 | 0 |
| Fine Arts - Painting & Sculpture | 0 | 0 | 0 | 0 | 0 | 0.00 | 0 | 0 |